[Event "Paris GCT blitz"]
[Site "Paris"]
[Date "2018.06.24"]
[Round "10"]
[White "Vachier Lagrave, Maxime"]
[Black "So, Wesley"]
[Result "0-1"]
[WhiteElo "2789"]
[BlackElo "2778"]
[Annotator "Yermolinsky,A"]
[PlyCount "116"]
[EventDate "2018.06.23"]
[EventType "tourn (blitz)"]
[EventRounds "18"]
[EventCountry "FRA"]
[EventCategory "22"]
[SourceTitle "CBM 185"]
[Source "ChessBase"]
[SourceDate "2018.07.13"]
[SourceVersion "1"]
[SourceVersionDate "2018.07.13"]
[SourceQuality "1"]

1. e4 e5 2. Nf3 Nc6 3. Bc4 Bc5 4. c3 Nf6 5. d3 O-O 6. O-O d5 7. exd5 Nxd5 8. a4
a5 {Aronian's move, which So himself played against Anand in 2016.} ({Lately
more attention has been given to} 8... a6) ({and} 8... Bf5) 9. Re1 ({Anand
played} 9. Nbd2 {but it basically came down to the same thing.}) 9... Bg4 10.
Nbd2 Nb6 11. Bb5 Bd6 12. Ne4 (12. h3 Bh5 13. Ne4 f5 14. Ng3 {Vachier
Lagrave-Aronian, 2016}) 12... Na7 13. h3 Bh5 14. d4 Nxb5 15. axb5 exd4 16. g4
Bg6 17. Nxd6 Qxd6 18. Qxd4 Qxd4 19. Nxd4 a4 20. Bf4 Rfc8 {Both players seemed
to be well-versed in this line, as it has been seen in Kanovski-Shirov, 2017.
One wonders why Alexey would willingly go for such a position against a mere
2405 player, but for an encounter between elite players this whole thing looks
appropriate.} 21. Rad1 Nc4 22. Re2 $6 Re8 23. Bc1 Kf8 24. f4 Rxe2 25. Nxe2 f6
26. Rd7 Rc8 27. Rd4 Bf7 28. Kf2 Ke8 29. Re4+ Kf8 30. f5 Rd8 31. Nd4 Rd5 32. Re2
Re5 33. Rxe5 fxe5 34. Nc2 Be8 {Take a look at this position. White is in
trouble and now it's time to take a tough decision.} 35. Ne3 {This is what's
wrong with blitz - people simply drift when they have no time to adjust.} ({
In a better clock situation Maxime would have come up with} 35. Na3 $1 Nxa3 36.
bxa3 Bxb5 37. c4 $1 Bxc4 38. Bb2 e4 39. Ke3 {with real drawing chances.}) 35...
Bxb5 36. Nxc4 Bxc4 37. Bg5 Ke8 38. Bh4 $2 {If White keeps his king in front of
the e-pawn then the b2-pawn becomes indefensible in the long run.} ({The only
chance was} 38. h4 $1 Kd7 39. h5 Bf7 40. Ke3 Kd6 41. Ke4 b5 42. Kd3 {to keep
the black king from advancing by threatening to come around e7-f8.}) 38... Kd7
39. f6 gxf6 40. Bxf6 Ke6 41. Bd8 c6 42. h4 Bb3 43. Ke3 Bd1 44. g5 Kd5 45. Bf6
Bh5 46. Kd3 Bg6+ 47. Ke3 Kc4 $1 {Decisive.} 48. Bxe5 Kb3 49. c4 Kxc4 50. Kd2
Kb3 51. Kc1 c5 52. Bd6 b6 53. Be7 c4 54. Bf6 b5 55. Kd2 b4 56. Be7 (56. Bg7 a3
57. bxa3 c3+ 58. Kc1 bxa3) 56... c3+ 57. bxc3 bxc3+ 58. Kc1 a3 0-1

[Event "Leon 31st"]
[Site "Leon"]
[Date "2018.07.07"]
[Round "1.4"]
[White "Praggnanandhaa, Rameshbabu"]
[Black "So, Wesley"]
[Result "0-1"]
[WhiteElo "2529"]
[BlackElo "2780"]
[Annotator "Sagar Shah"]
[PlyCount "116"]
[EventDate "2018.07.06"]
[EventType "k.o."]
[EventRounds "2"]
[EventCountry "ESP"]
[SourceTitle "CBM 185"]
[Source "ChessBase"]
[SourceDate "2018.07.13"]
[SourceVersion "1"]
[SourceVersionDate "2018.07.13"]
[SourceQuality "1"]

{The final rapid game of the four-game match between Wesley So and
Praggnanandhaa. The score was tied at 1.5-1.5. A draw would mean that the
match would be taken to the blitz format. But Wesley was determined to end the
match in this game itself.} 1. e4 e5 {Much more solid than the Sicilian tried
in game two!} 2. Nf3 Nc6 3. Bc4 Bc5 4. O-O Nf6 5. d3 O-O 6. a4 h6 7. h3 d6 8.
c3 a5 9. Re1 Be6 10. Bxe6 fxe6 {I somehow like this structure for Black. He
has a very natural plan with Nh5-f4. The rook has a half open file and there
are more chances to launch an attack. However, it doesn't mean that White is
worse, he should be completely fine.} 11. Be3 (11. Qb3 Qe7 12. Qxb7 Rab8 13.
Qa6 (13. Qxc6 Rb6 $17) 13... Nh5 $40) (11. d4 Bb6 12. dxe5 (12. Na3 $14) 12...
Nxe5 13. Nxe5 dxe5 $11 {Black is completely fine here.}) 11... Bxe3 12. Rxe3
Qe8 13. Nbd2 Nh5 14. g3 {This does look weakening, but Black has no real way
to exploit it.} Qf7 15. Qe2 Rad8 {This move really puzzled me. Why did Wesley
place his rook on d8. If he was looking to play the move d5, wouldn't the rook
be better placed on e8? I am not so sure, but I think Wesley just wanted to
confuse Pragg.} 16. Nh4 d5 17. Rf1 (17. Rf3 Nf6 $11) 17... Nf6 18. Qd1 d4 19.
cxd4 exd4 (19... Nxd4 20. Nhf3 $11) 20. Ree1 g5 $1 21. Ng2 Qh5 22. Qxh5 Nxh5 {
Now this position should be around equal. But the way Wesley outplayed Pragg
is worth learning from.} 23. Nc4 (23. Rc1 Rd7 24. Rc5 Nb4 $132) 23... Nf6 24.
Rc1 Nd7 25. Na3 $6 (25. f4 $13) 25... Nde5 $1 26. Rfd1 Rd7 27. Nc4 (27. f4 gxf4
28. gxf4 Ng6 $15) 27... Nf3+ 28. Kf1 Rdf7 29. Rc2 Kg7 {From an equal unclear
position, Wesley has been able to turn it around in just five moves and has a
clearly better position.} 30. Ne1 Nfe5 31. Nxe5 Nxe5 32. Rdc1 c5 $1 33. Ra1 b6
{This is the ideal setup for Black. His pawns cannot be attacked on the
queenside and now he goes quietly about attacking White's kingside pawns.} 34.
Kg1 h5 35. Kg2 Kf6 36. Ra3 Ke7 37. Rb3 Nd7 38. Re2 Kd6 39. Nc2 Kc6 {The king
defends the b6 pawn and the knight can return back to e5.} 40. Na3 Ne5 41. Nc4
{White is a tempo too slow for getting his knight on c4. Now it can be taken
and the d4 pawn becomes a protected passed pawn.} Nxc4 42. dxc4 g4 43. hxg4
hxg4 44. Rd3 Rh8 45. Rd1 Rfh7 46. Rg1 Rh2+ 47. Kf1 Rf8 48. e5 (48. f4 $1 {
was the final chance for Pragg.} Rh5 {Black remains better, but at least White
has done away with one of his weaknesses on f2.}) 48... Rf3 49. Rg2 Rh1+ 50.
Rg1 Rxg1+ 51. Kxg1 Rb3 52. Kg2 Rb4 53. f3 Rxc4 54. fxg4 d3 55. Rf2 Rc2 56. Kf3
d2 57. Rxd2 Rxd2 58. g5 Kd5 {A very nice positional game by Wesley where he
showed that strategically he was the superior player.} 0-1

[Event "Leon 31st"]
[Site "Leon"]
[Date "2018.07.08"]
[Round "2.1"]
[White "Vallejo Pons, Francisco"]
[Black "So, Wesley"]
[Result "1-0"]
[WhiteElo "2707"]
[BlackElo "2780"]
[PlyCount "71"]
[EventDate "2018.07.06"]
[EventType "k.o."]
[EventRounds "2"]
[EventCountry "ESP"]
[SourceTitle "CBM 185"]
[Source "ChessBase"]
[SourceDate "2018.07.13"]
[SourceVersion "1"]
[SourceVersionDate "2018.07.13"]
[SourceQuality "1"]

1. d4 Nf6 2. c4 e6 3. Nc3 Bb4 4. Qc2 O-O 5. e4 d5 6. e5 Ne4 7. Bd3 c5 8. Nf3
cxd4 9. Nxd4 Nd7 10. Bf4 Qh4 11. g3 Qh5 12. h4 Nxe5 13. Be2 Ng4 14. Bxg4 Qxg4
15. f3 Qh5 16. g4 Qg6 17. fxe4 Qf6 18. Nde2 e5 19. Bg5 Qf3 20. O-O-O d4 21.
Rdf1 Qg2 22. Nd5 d3 23. Qxd3 Bxg4 24. Ng3 Bc5 25. Be7 Rfc8 26. Bxc5 Rxc5 27.
Kb1 b5 28. Qe3 Rxc4 29. Rf2 Rxe4 30. Qxe4 Qxf2 31. Qxg4 Rd8 32. Nh5 g6 33.
Nhf6+ Kg7 34. h5 Qf5+ 35. Qxf5 gxf5 36. Rg1+ 1-0

[Event "Leon 31st"]
[Site "Leon"]
[Date "2018.07.08"]
[Round "2.2"]
[White "So, Wesley"]
[Black "Vallejo Pons, Francisco"]
[Result "1-0"]
[WhiteElo "2780"]
[BlackElo "2707"]
[PlyCount "69"]
[EventDate "2018.07.06"]
[EventType "k.o."]
[EventRounds "2"]
[EventCountry "ESP"]
[SourceTitle "CBM 185"]
[Source "ChessBase"]
[SourceDate "2018.07.13"]
[SourceVersion "1"]
[SourceVersionDate "2018.07.13"]
[SourceQuality "1"]

1. Nf3 e6 2. b3 b6 3. e4 Bb7 4. Nc3 c5 5. Bb2 a6 6. d4 cxd4 7. Nxd4 Qc7 8. Qd2
Nf6 9. f3 Nc6 10. Nxc6 dxc6 11. O-O-O Be7 12. Bd3 b5 13. e5 Nd7 14. Ne4 Nxe5
15. Qc3 f6 16. Nc5 Bc8 17. Be4 O-O 18. Qe3 a5 19. h3 a4 20. f4 Ng6 21. Nxe6
Bxe6 22. Bxg6 Bd5 23. Be4 axb3 24. Bxd5+ cxd5 25. Qxb3 Qxf4+ 26. Kb1 Kh8 27.
Rxd5 b4 28. Re1 Rfe8 29. Rd4 Qc7 30. Rde4 Qd7 31. Qe6 Qa4 32. Qb3 Qd7 33. Qf7
b3 34. axb3 Ra7 35. Rxe7 1-0

[Event "Leon 31st"]
[Site "Leon"]
[Date "2018.07.08"]
[Round "2.3"]
[White "Vallejo Pons, Francisco"]
[Black "So, Wesley"]
[Result "1/2-1/2"]
[WhiteElo "2707"]
[BlackElo "2780"]
[PlyCount "91"]
[EventDate "2018.07.06"]
[EventType "k.o."]
[EventRounds "2"]
[EventCountry "ESP"]
[SourceTitle "CBM 185"]
[Source "ChessBase"]
[SourceDate "2018.07.13"]
[SourceVersion "1"]
[SourceVersionDate "2018.07.13"]
[SourceQuality "1"]

1. d4 d5 2. c4 c6 3. Nf3 Nf6 4. e3 Bf5 5. Nc3 a6 6. Bd3 Bxd3 7. Qxd3 e6 8. O-O
Bb4 9. Bd2 O-O 10. Nxd5 Nxd5 11. cxd5 Bxd2 12. Qxd2 exd5 13. Ne5 Re8 14. b4 Nd7
15. Nxd7 Qxd7 16. a4 a5 17. bxa5 Ra7 18. Rab1 Rea8 19. Qb4 h5 20. h4 Qg4 21. g3
g5 22. hxg5 h4 23. Qd6 hxg3 24. fxg3 Qxg5 25. Rf3 Qg6 26. Qxg6+ fxg6 27. a6
Rxa6 28. Rxb7 Rxa4 29. Rf6 Ra2 30. Rxg6+ Kh8 31. Rh6+ Kg8 32. Rg6+ Kh8 33. Rh6+
Kg8 34. Rh2 Rxh2 35. Kxh2 Re8 36. Rb3 Kf7 37. g4 Kf6 38. Kg3 Kg5 39. Rc3 Re6
40. Ra3 Re7 41. Rb3 Re8 42. Kf3 Rf8+ 43. Ke2 Kxg4 44. Rb1 Ra8 45. Rg1+ Kf5 46.
Rf1+ 1/2-1/2

[Event "Leon 31st"]
[Site "Leon"]
[Date "2018.07.08"]
[Round "2.4"]
[White "So, Wesley"]
[Black "Vallejo Pons, Francisco"]
[Result "1/2-1/2"]
[WhiteElo "2780"]
[BlackElo "2707"]
[PlyCount "75"]
[EventDate "2018.07.06"]
[EventType "k.o."]
[EventRounds "2"]
[EventCountry "ESP"]
[SourceTitle "CBM 185"]
[Source "ChessBase"]
[SourceDate "2018.07.13"]
[SourceVersion "1"]
[SourceVersionDate "2018.07.13"]
[SourceQuality "1"]

1. Nf3 e6 2. b3 b6 3. e4 Bb7 4. Nc3 d5 5. exd5 exd5 6. Bb5+ c6 7. Bd3 Nf6 8.
Qe2+ Be7 9. Ba3 c5 10. Bb5+ Nbd7 11. Ne5 d4 12. Ne4 O-O 13. Nxf6+ Bxf6 14. Bxd7
Bxe5 15. Qxe5 Qxd7 16. O-O-O Bxg2 17. Rhg1 f6 18. Qf4 Bd5 19. Rg3 Rae8 20. Rdg1
Rf7 21. d3 Re5 22. Kb1 Kh8 23. Bc1 Rfe7 24. Qh4 Re1 25. Kb2 Rxg1 26. Rxg1 Qf5
27. Qg3 h6 28. Bf4 Kh7 29. Bd6 Rd7 30. h4 Bf3 31. Bf8 g5 32. hxg5 fxg5 33. Bd6
h5 34. Re1 h4 35. Qh2 Qf6 36. Be5 Qf5 37. Bd6 Qf6 38. Be5 1/2-1/2

[Event "Leon 31st"]
[Site "Leon"]
[Date "2018.07.08"]
[Round "2.5"]
[White "Vallejo Pons, Francisco"]
[Black "So, Wesley"]
[Result "0-1"]
[WhiteElo "2707"]
[BlackElo "2780"]
[PlyCount "110"]
[EventDate "2018.07.06"]
[EventType "k.o."]
[EventRounds "2"]
[EventCountry "ESP"]
[SourceTitle "CBM 185"]
[Source "ChessBase"]
[SourceDate "2018.07.13"]
[SourceVersion "1"]
[SourceVersionDate "2018.07.13"]
[SourceQuality "1"]

1. d4 Nf6 2. c4 e6 3. Nc3 Bb4 4. Qc2 d5 5. cxd5 exd5 6. Bg5 h6 7. Bh4 c5 8.
dxc5 g5 9. Bg3 Ne4 10. e3 Qa5 11. Rc1 Nc6 12. Bd3 Nxg3 13. hxg3 d4 14. exd4
Nxd4 15. Qd1 Bxc5 16. Nf3 Bg4 17. Kf1 Nxf3 18. gxf3 Be6 19. Ne4 Be7 20. Bc4 Rd8
21. Qe2 Bxc4 22. Rxc4 Kf8 23. Kg2 Kg7 24. g4 Bd6 25. b4 Qe5 26. Qc2 Qe6 27. Rd4
Be5 28. Nc5 Qc6 29. Rxd8 Rxd8 30. Qf5 Rd5 31. Qe4 Bf6 32. Nb3 Qd6 33. Nc5 b6
34. Nb3 Re5 35. Qc2 Qxb4 36. Qc7 Qe7 37. Rc1 Qxc7 38. Rxc7 Re7 39. Rc6 Re6 40.
Rc7 Re7 41. Rc6 Be5 42. Nd2 Rc7 43. Rxc7 Bxc7 44. Ne4 Kg6 45. Kf1 Be5 46. a4 a6
47. Ke2 f5 48. Nd2 Bd4 49. Nc4 Bc5 50. Ne5+ Kf6 51. Nd7+ Ke6 52. Nb8 a5 53. Nc6
Kd5 54. Na7 fxg4 55. fxg4 Kc4 0-1

[Event "Leon 31st"]
[Site "Leon"]
[Date "2018.07.08"]
[Round "2.6"]
[White "So, Wesley"]
[Black "Vallejo Pons, Francisco"]
[Result "1-0"]
[WhiteElo "2780"]
[BlackElo "2707"]
[PlyCount "78"]
[EventDate "2018.07.06"]
[EventType "k.o."]
[EventRounds "2"]
[EventCountry "ESP"]
[SourceTitle "CBM 185"]
[Source "ChessBase"]
[SourceDate "2018.07.13"]
[SourceVersion "1"]
[SourceVersionDate "2018.07.13"]
[SourceQuality "1"]

1. d4 d5 2. c4 e6 3. Nc3 c6 4. e3 Nf6 5. Nf3 a6 6. Qc2 dxc4 7. Bxc4 b5 8. Be2
Bb7 9. a3 Nbd7 10. b4 a5 11. Rb1 axb4 12. axb4 Nd5 13. Nxd5 exd5 14. O-O Nf6
15. Ne5 Bd6 16. Bf3 O-O 17. Bd2 Qe7 18. Nd3 Ra3 19. Ra1 Rfa8 20. Rxa3 Rxa3 21.
Bc3 g6 22. Qb2 Ra7 23. Ra1 Bc8 24. Ne5 Rc7 25. Be1 Ne4 26. Nd3 Ng5 27. Be2 Bf5
28. Nc5 Nh3+ 29. Kh1 Qh4 30. f4 Qe7 31. Qd2 Bxc5 32. dxc5 Be4 33. Ra8+ Kg7 34.
Bg4 Nxf4 35. exf4 Ra7 36. Rxa7 Qxa7 37. h3 f6 38. Kh2 Qa4 39. Bf2 h5 1-0

[Event "chess.com Speed 1m+1spm 2018"]
[Site "Chess.com INT"]
[Date "2018.10.09"]
[Round "2.21"]
[White "So, Wesley"]
[Black "Vidit, Santosh Gujrathi"]
[Result "1-0"]
[WhiteElo "2780"]
[BlackElo "2718"]
[PlyCount "95"]
[EventDate "2018.07.24"]
[EventType "k.o. (blitz)"]
[EventRounds "4"]
[EventCountry "USA"]
[SourceTitle "CBM 187 Extra"]
[Source "ChessBase"]
[SourceDate "2018.11.04"]
[SourceVersion "1"]
[SourceVersionDate "2018.11.04"]
[SourceQuality "1"]

1. d4 Nf6 2. c4 e6 3. g3 d5 4. Bg2 Bb4+ 5. Nd2 O-O 6. Ngf3 b6 7. O-O Bb7 8. a3
Be7 9. cxd5 exd5 10. b4 a5 11. b5 c6 12. bxc6 Nxc6 13. Bb2 b5 14. e3 a4 15. Qb1
Qb6 16. Rc1 Rfc8 17. Ne5 h6 18. Bc3 Rc7 19. Qb2 Rac8 20. Bf1 Ba6 21. Nxc6 Rxc6
22. Nf3 Ne4 23. Bb4 Bxb4 24. axb4 f6 25. Rc5 Nxc5 26. dxc5 Qb7 27. Nd4 R6c7 28.
Bg2 Re7 29. c6 Qb6 30. Bxd5+ Kh8 31. Qc2 Rd8 32. Ba2 Bc8 33. Rc1 Rxd4 34. exd4
Qxd4 35. Rd1 Bf5 36. Rxd4 Bxc2 37. f3 Rc7 38. Rd8+ Kh7 39. Bd5 f5 40. Rd7 Rc8
41. c7 a3 42. Be6 Kg6 43. Re7 a2 44. Bxa2 Kf6 45. Re6+ Kg5 46. h4+ Kh5 47. Re7
Kg6 48. Be6 1-0

[Event "chess.com Speed 3m+1spm 2018"]
[Site "Chess.com INT"]
[Date "2018.12.02"]
[Round "4.17"]
[White "Nakamura, Hikaru"]
[Black "So, Wesley"]
[Result "1/2-1/2"]
[WhiteElo "2777"]
[BlackElo "2780"]
[PlyCount "85"]
[EventDate "2018.07.24"]
[EventType "k.o. (blitz)"]
[EventRounds "4"]
[EventCountry "USA"]
[SourceTitle "CBM 189 Extra"]
[Source "ChessBase"]
[SourceDate "2019.06.03"]
[SourceVersion "1"]
[SourceVersionDate "2019.06.03"]
[SourceQuality "1"]

1. e4 e5 2. Nc3 Nf6 3. Bc4 Nc6 4. d3 Bb4 5. Nge2 d5 6. exd5 Nxd5 7. O-O Bxc3 8.
bxc3 Be6 9. Bxd5 Qxd5 10. c4 Qd7 11. Ba3 O-O-O 12. Rb1 e4 13. Nf4 Bf5 14. Nd5
Rhe8 15. Qd2 f6 16. Qc3 b6 17. Rfe1 exd3 18. cxd3 Be6 19. Nf4 Bf7 20. Bb2 Rxe1+
21. Rxe1 Ne5 22. Qa3 Kb7 23. h3 g5 24. Bxe5 fxe5 25. Nd5 Bxd5 26. cxd5 Qxd5 27.
Qe7 h6 28. Qg7 Rd6 29. Rc1 Rc6 30. Rxc6 Qxc6 31. Qxe5 a5 32. g3 b5 33. f4 gxf4
34. gxf4 Qc1+ 35. Kf2 Qd2+ 36. Kg3 Qxd3+ 37. Kh4 a4 38. f5 b4 39. f6 Qc4+ 40.
Kh5 b3 41. axb3 axb3 42. Kg6 Qg8+ 43. Kxh6 1/2-1/2

[Event "PRO League Stage"]
[Site "Chess.com INT"]
[Date "2019.01.08"]
[Round "1"]
[White "Tan, Justin Hy"]
[Black "So, Wesley"]
[Result "0-1"]
[WhiteElo "2502"]
[BlackElo "2765"]
[PlyCount "61"]
[EventDate "2019.01.08"]
[EventType "team-swiss (rapid)"]
[EventRounds "10"]
[EventCountry "USA"]
[SourceTitle "CBM 188 Extra"]
[Source "ChessBase"]
[SourceDate "2019.02.26"]
[SourceVersion "1"]
[SourceVersionDate "2019.02.26"]
[SourceQuality "1"]
[WhiteTeam "London Lions"]
[BlackTeam "Saint Louis Arch Bishops"]
[WhiteTeamCountry "ENG"]
[BlackTeamCountry "USA"]

1. e4 e6 2. d4 d5 3. Nd2 Be7 4. e5 c5 5. c3 cxd4 6. cxd4 Qb6 7. Ndf3 Bd7 8. Bd3
Bb5 9. Bc2 Nc6 10. a3 Qa6 11. Be3 Bf1 12. Nd2 Bxg2 13. Qg4 Bxh1 14. Qxg7 Nb4
15. Rc1 Nxc2+ 16. Rxc2 Qd3 17. Qxh8 Kd7 18. Rc3 Qg6 19. Ne2 Re8 20. Nf4 Qg1+
21. Nf1 Nf6 22. f3 Qxe3+ 23. Rxe3 Rxh8 24. exf6 Bxf6 25. Rd3 Bg5 26. Nh3 Bh4+
27. Ng3 Rc8 28. Kd2 Bg2 29. Nf4 Bg5 30. Nge2 Bf1 31. Rc3 0-1

[Event "chess.com Speed"]
[Site "Chess.com INT"]
[Date "2019.12.05"]
[Round "3.21"]
[White "Artemiev, Vladislav"]
[Black "So, Wesley"]
[Result "0-1"]
[WhiteElo "2746"]
[BlackElo "2767"]
[PlyCount "82"]
[EventDate "2019.09.02"]
[EventType "k.o. (blitz)"]
[EventRounds "4"]
[EventCountry "USA"]
[SourceTitle "CBM 195 Extra"]
[Source "ChessBase"]
[SourceDate "2020.05.31"]
[SourceVersion "1"]
[SourceVersionDate "2020.05.31"]
[SourceQuality "1"]

1. b3 e5 2. Bb2 Nc6 3. e3 g6 4. Bb5 Bg7 5. f4 Nge7 6. Nf3 d6 7. fxe5 O-O 8. O-O
Nxe5 9. Nxe5 dxe5 10. Nc3 c6 11. Bc4 b5 12. Be2 f5 13. a4 b4 14. Bc4+ Kh8 15.
Ne2 Nd5 16. Qe1 Nb6 17. d3 Qe7 18. Rd1 c5 19. Bb5 Bb7 20. a5 a6 21. Bc4 Nxc4
22. dxc4 Qg5 23. Qf2 Rad8 24. c3 h5 25. cxb4 cxb4 26. Qg3 Qxg3 27. hxg3 Be4 28.
Nc1 Kh7 29. Kf2 Bc2 30. Rde1 Rd2+ 31. Re2 Rfd8 32. Rfe1 Bd1 33. c5 Bxe2 34.
Rxe2 e4 35. Bxg7 Kxg7 36. c6 Rxe2+ 37. Nxe2 Rc8 38. Nd4 Kf6 39. Ke2 Kg5 40. Nc2
Rxc6 41. Nxb4 Rd6 0-1

[Event "chess.com Speed"]
[Site "Chess.com INT"]
[Date "2020.02.21"]
[Round "4.3"]
[White "Nakamura, Hikaru"]
[Black "So, Wesley"]
[Result "1-0"]
[WhiteElo "2745"]
[BlackElo "2767"]
[PlyCount "49"]
[EventDate "2019.09.02"]
[EventType "k.o. (blitz)"]
[EventRounds "4"]
[EventCountry "USA"]
[SourceTitle "CBM 195 Extra"]
[Source "ChessBase"]
[SourceDate "2020.05.31"]
[SourceVersion "1"]
[SourceVersionDate "2020.05.31"]
[SourceQuality "1"]

1. d4 Nf6 2. Nf3 d5 3. c4 dxc4 4. e3 e6 5. Bxc4 c5 6. O-O a6 7. dxc5 Bxc5 8.
Qxd8+ Kxd8 9. Nbd2 Ke7 10. Be2 b6 11. Ne5 Bb7 12. Nd3 Nbd7 13. Nxc5 Nxc5 14. b3
a5 15. Ba3 Nfd7 16. Nc4 Ba6 17. Nxb6 Bxe2 18. Rfe1 Bb5 19. Nxa8 Rxa8 20. Rac1
Rc8 21. Rc3 f6 22. Rec1 Kd6 23. Rd1+ Ke7 24. e4 Ke8 25. Rdc1 1-0

[Event "PRO League Stage"]
[Site "Chess.com INT"]
[Date "2020.01.08"]
[Round "1"]
[White "Moranda, Wojciech"]
[Black "So, Wesley"]
[Result "1/2-1/2"]
[WhiteElo "2601"]
[BlackElo "2765"]
[PlyCount "64"]
[EventDate "2020.01.06"]
[EventType "team-swiss (rapid)"]
[EventRounds "7"]
[EventCountry "USA"]
[SourceTitle "CBM 194 Extra"]
[Source "ChessBase"]
[SourceDate "2020.03.31"]
[SourceVersion "1"]
[SourceVersionDate "2020.03.31"]
[SourceQuality "1"]
[WhiteTeam "New York Marshalls"]
[BlackTeam "Saint Louis Arch Bishops"]
[WhiteTeamCountry "USA"]
[BlackTeamCountry "USA"]

1. d4 Nf6 2. c4 e6 3. Nf3 d5 4. Nc3 Bb4 5. Qa4+ Nc6 6. e3 O-O 7. Qc2 Re8 8. Bd2
a6 9. a3 Bd6 10. Rd1 Bd7 11. Bc1 dxc4 12. Bxc4 h6 13. O-O e5 14. dxe5 Nxe5 15.
Nxe5 Bxe5 16. h3 Qc8 17. Nd5 Nxd5 18. Bxd5 c6 19. Bc4 Bf5 20. Bd3 Bxd3 21. Rxd3
Qf5 22. Rfd1 Rad8 23. Qb3 Rxd3 24. Qxd3 Qxd3 25. Rxd3 Kf8 26. Rd7 Re7 27. Rd8+
Re8 28. Rd7 Rb8 29. Kf1 Ke8 30. Rd3 b5 31. Ke2 Rd8 32. b3 Rc8 1/2-1/2

[Event "PRO League Stage"]
[Site "Chess.com INT"]
[Date "2020.01.08"]
[Round "1"]
[White "So, Wesley"]
[Black "Guseinov, Gadir"]
[Result "1-0"]
[WhiteElo "2765"]
[BlackElo "2666"]
[PlyCount "135"]
[EventDate "2020.01.06"]
[EventType "team-swiss (rapid)"]
[EventRounds "7"]
[EventCountry "USA"]
[SourceTitle "CBM 194 Extra"]
[Source "ChessBase"]
[SourceDate "2020.03.31"]
[SourceVersion "1"]
[SourceVersionDate "2020.03.31"]
[SourceQuality "1"]
[WhiteTeam "Saint Louis Arch Bishops"]
[BlackTeam "New York Marshalls"]
[WhiteTeamCountry "USA"]
[BlackTeamCountry "USA"]

1. e4 c5 2. Nf3 g6 3. d4 cxd4 4. Nxd4 Nc6 5. c4 Nf6 6. Nc3 Nxd4 7. Qxd4 d6 8.
f3 Bg7 9. Be3 O-O 10. Qd2 Be6 11. Rc1 Qa5 12. b3 Rfc8 13. Bd3 a6 14. Na4 Qxd2+
15. Kxd2 Nd7 16. f4 f5 17. exf5 Bxf5 18. Be2 Rab8 19. Ba7 Ra8 20. Be3 Rab8 21.
Ba7 Ra8 22. Nb6 Nxb6 23. Bxb6 Be4 24. Rhg1 Rc6 25. Bf2 Bb2 26. Rcd1 b5 27. Ke3
d5 28. cxd5 Rc2 29. Kxe4 Rxe2+ 30. Kf3 Rc2 31. Rge1 Ba3 32. Re2 Rc3+ 33. Ke4
Rac8 34. Bd4 Rc2 35. Rdd2 Rc1 36. Bb2 Bxb2 37. Rxb2 b4 38. Rbd2 Kf7 39. g3 a5
40. Kf3 Rd8 41. Re6 Rc3+ 42. Kg4 a4 43. bxa4 Ra3 44. Ra6 Rd7 45. f5 gxf5+ 46.
Kxf5 Rc3 47. a5 Rf3+ 48. Ke4 Ra3 49. Rb2 Rb7 50. Kd4 Rb5 51. Rf2+ Kg7 52. Ra7
Rbxa5 53. Rxe7+ Kg6 54. Re6+ Kg7 55. Ree2 R3a4 56. Ke5 Ra3 57. Rd2 Re3+ 58. Kf4
Re8 59. Kg4 Kg6 60. d6 h5+ 61. Kh4 Rc5 62. d7 Rc4+ 63. Rf4 Rxf4+ 64. gxf4 Rd8
65. Rd5 Kf6 66. Kxh5 Ke6 67. Rd4 Kf5 68. Kh4 1-0

[Event "PRO League Stage"]
[Site "Chess.com INT"]
[Date "2020.01.08"]
[Round "1"]
[White "So, Wesley"]
[Black "Sevian, Samuel"]
[Result "1-0"]
[WhiteElo "2765"]
[BlackElo "2660"]
[PlyCount "77"]
[EventDate "2020.01.06"]
[EventType "team-swiss (rapid)"]
[EventRounds "7"]
[EventCountry "USA"]
[SourceTitle "CBM 194 Extra"]
[Source "ChessBase"]
[SourceDate "2020.03.31"]
[SourceVersion "1"]
[SourceVersionDate "2020.03.31"]
[SourceQuality "1"]
[WhiteTeam "Saint Louis Arch Bishops"]
[BlackTeam "New York Marshalls"]
[WhiteTeamCountry "USA"]
[BlackTeamCountry "USA"]

1. d4 Nf6 2. c4 c5 3. d5 e6 4. Nc3 exd5 5. cxd5 d6 6. Nf3 g6 7. Bf4 Bg7 8. Qa4+
Bd7 9. Qb3 Qc7 10. e4 O-O 11. Nd2 Nh5 12. Be3 f5 13. exf5 Bxf5 14. Be2 Nf6 15.
Nc4 Ne4 16. O-O Nxc3 17. bxc3 Bd7 18. Nd2 b5 19. Bxb5 Bxb5 20. Qxb5 Bxc3 21.
Rac1 Bxd2 22. Bxd2 Nd7 23. Rce1 Rab8 24. Qd3 Ne5 25. Qe4 c4 26. Bc3 Rbe8 27.
Qd4 Qb6 28. Qd2 Nd3 29. Qh6 Qc7 30. Rxe8 Rxe8 31. Qh4 Ne5 32. Kh1 Rf8 33. f4
Qf7 34. h3 Qxd5 35. Re1 Nf3 36. Qe7 Nd4 37. Rd1 Qe6 38. Qxa7 Nb5 39. Qg7# 1-0